L'alphabet deux fois en 15 secondes - Statistiques

Statistiques générales
  • Ce quiz a été pris 70 fois
    40 depuis la dernière actualisation
  • Le résultat moyen est 30 sur 52
Statistiques - réponses
Hint Letter % Correct
? A
100%
? B
100%
? C
100%
? D
100%
? E
100%
? F
100%
? G
100%
? H
100%
? I
100%
? J
100%
? K
100%
? L
100%
? M
86%
? N
86%
? O
86%
? P
86%
? Q
86%
? R
86%
? S
86%
? T
86%
? U
86%
? A
71%
? B
71%
? V
71%
? W
71%
? X
71%
? Y
71%
? Z
71%
? C
57%
? D
43%
? E
43%
? F
43%
? G
29%
? H
29%
? I
29%
? J
29%
? K
14%
? L
14%
? M
14%
? N
14%
? O
14%
? P
14%
? Q
14%
? R
14%
? S
14%
? T
14%
? U
14%
? V
14%
? W
14%
? X
14%
? Y
14%
? Z
14%
Aucun quiz correspondant
Distribution des résultats
% des personnes avec chaque résultat
Percentile par nombre de réponses
Votre historique - résultats
Vous n’avez pas pris ce quiz depuis la dernière actualisation